Elhunyt Reich Olga
Elmentve itt :
| Dokumentumtípus: | Cikk |
|---|---|
| Megjelent: |
1981-07-21
|
| Sorozat: | Délmagyarország
71 No. 169 |
| Kulcsszavak: | Reich Olga |
| Online Access: | http://dmarchiv.bibl.u-szeged.hu/99237 |
| LEADER | 00384nab a2200145 i 4500 | ||
|---|---|---|---|
| 001 | delm99237 | ||
| 005 | 20190618085152.0 | ||
| 008 | 190618s1981 hu o 0|| hun d | ||
| 040 | |a SZTE Délmagyarország Archívum |b hun | ||
| 041 | |a hun | ||
| 245 | 0 | 0 | |a Elhunyt Reich Olga |h [elektronikus dokumentum] |
| 260 | |c 1981-07-21 | ||
| 300 | |a 8 | ||
| 490 | 0 | |a Délmagyarország |v 71 No. 169 | |
| 695 | |a Reich Olga | ||